000 00315nam a2200109Ia 4500
008 171211s9999 xx 000 0 und d
245 _aGraphic Translation, a Graphic Design Project Guide
245 _cKimberly Elam
260 _c2006
650 _xDesign
856 _uhttp://down.ebook777.com/061/9781419653322.pdf
999 _c347934
_d347934